• 首页
  • 本馆介绍
  • 公告通知
  • 最新文献
  • 馆藏检索
  • 电子资源
  • 读者导购
  • 参考咨询
  • 我的图书馆
  • 登录
  • 详细信息显示
  • 放入我的书架
  • 预约/预借图书
  • 作者相关作品
  • 分类相关作品
  • 丛书相关作品
  • 出版社相关作品

书目信息

  • 表格格式
  • 工作单格式
  • 卡片格式
题名:
山河的由来
    
 
作者: 王仰之 著
分册:  
出版信息: 北京   北京出版社  1982
页数: 78页
开本: 19cm
丛书名: 自然科学小丛书
单 册:
中图分类: P542-49 , P542-4
科图分类:
主题词: 地壳运动--普及读物 , 地理学--普及读物 , 构造地质学
电子资源:
ISBN:
000 00772nam2 2200301 45
001 0182006022
005 20061122142127.32
010    @dCNY0.20
091    @a13071.144
100    @a19950412d1982 em y0chiy0121 ea
101 0  @achi
102    @aCN@b110000
105    @ay z 000yy
106    @ar
200 10 @a山河的由来@Ashan he de you lai@f王仰之著
210    @a北京@c北京出版社@d1982
215    @a78页@d19cm
225 2  @a自然科学小丛书
410  0 @120010@a自然科学小丛书
606    @a地壳运动@x普及读物
606    @a地理学@x普及读物
606 0  @a构造地质学
690    @aP542-49@v3
690    @aP542-4
701  0 @a王仰之@Awang yang zhi@4著
801  0 @aCN@b上海图书馆@c20061122
801  2 @aCN@bNLC@c20040524
905    @f2@b93492-493@dP542-49@e5
    
    山河的由来/王仰之著.-北京:北京出版社,1982
    78页;19cm.-(自然科学小丛书)
    
    
    ISBN :CNY0.20
    
●
相关链接 在E读中查询图书 在五车中查询图书 在当当中查询图书 在豆瓣中查询图书


正题名:山河的由来     索取号:P542-49/5         预约/预借

序号 登录号 条形码 馆藏地/架位号 状态 备注
1 0093492   000074323   第三借阅区/ [索取号:P542-49/5] 在馆    
2 0093493   000074314   第三借阅区/ [索取号:P542-49/5] 在馆    
3 0093494   000074305   第二样本阅览室/ [索取号:P542-49/5] 在馆    
唐山师范学院图书馆 欢迎您!
大连网信软件有限公司© 版权所有